| 000 | 00813nam a2200277 a 4500 | ||
|---|---|---|---|
| 001 | 23437 | ||
| 003 | CO-ViMGA | ||
| 008 | 141112s2004 ck r 000 u spa d | ||
| 015 | _ack - 2003 - xxxx | ||
| 020 | _a958420730X | ||
| 040 |
_aCO-ViMGA _bspa _cCO-ViMGA |
||
| 041 | _aspa ger | ||
| 043 | _as - ck - - - - | ||
| 082 | 0 | 4 | _a833.914 W477m |
| 100 | 1 |
_aWippersberg, W. J. M., 1945 - _933786 |
|
| 245 | 1 | 0 |
_aMalos tiempos para fantasmas / _cW. J. M. Wippersberg ; traducción de C. Seco. |
| 260 |
_aBogotá : _bPlaneta, _c2003. |
||
| 300 | _a153, [6] p. : il. ; 20 cm. | ||
| 490 | _aEspasa juvenil ; 26 | ||
| 500 | _aIncluye datos del autor | ||
| 596 | _a5 7 | ||
| 650 | 1 | 4 |
_aNovela austriaca - Siglo XX _933787 |
| 700 | 1 |
_aSeco, Carmen, tr. _933788 |
|
| 917 | _a1216 20040220 | ||
| 942 |
_2ddc _cBK |
||
| 999 |
_c31591 _d31591 |
||